[Event "Udine Province-ch"]
[Site "Udine"]
[Date "2006.12.10"]
[Round "6"]
[White "Santacroce, Fidel"]
[Black "Prenassi, Davide"]
[Result "1-0"]
[WhiteElo "1643"]
[BlackElo "1614"]
[PlyCount "45"]
[EventDate "2006.12.02"]
[EventType "swiss"]
[EventRounds "6"]
[EventCountry "ITA"]
[SourceTitle "EXT 2011"]
[Source "ChessBase"]
[SourceDate "2010.11.26"]
[SourceVersion "1"]
[SourceVersionDate "2010.11.26"]
[SourceQuality "1"]

1. e4 e5 2. Nf3 Nc6 3. Bc4 Nf6 4. d3 Be7 5. Nc3 0-0 6. 0-0 d6 7. h3 Na5 8. Bb3 c6 9. Bg5 Nxb3 10. axb3 Nd5 11. Bxe7 Nxe7 12. d4 Ng6 13. dxe5 dxe5 14. Qxd8 Rxd8 15. Rfd1 Be6 16. Rxd8+ Rxd8 17. Rxa7 Rb8 18. Kf1 f6 19. Na4 Kf7 20. Nc5 Bc8 21. h4 h5 22. c4 Ke7 23. Na6 1-0

[Event "Udine Province-ch"]
[Site "Udine"]
[Date "2006.12.03"]
[Round "2"]
[White "Prenassi, Davide"]
[Black "Redo, Stefano"]
[Result "0-1"]
[WhiteElo "1614"]
[BlackElo "1931"]
[PlyCount "126"]
[EventDate "2006.12.02"]
[EventType "swiss"]
[EventRounds "6"]
[EventCountry "ITA"]
[SourceTitle "EXT 2011"]
[Source "ChessBase"]
[SourceDate "2010.11.26"]
[SourceVersion "1"]
[SourceVersionDate "2010.11.26"]
[SourceQuality "1"]

1. d4 Nf6 2. c4 c5 3. d5 b5 4. cxb5 a6 5. f3 axb5 6. e4 Qa5+ 7. Bd2 b4 8. Na3 e6 9. Nc4 Qc7 10. dxe6 fxe6 11. e5 Nd5 12. Bd3 Ba6 13. f4 g6 14. Nf3 Nb6 15. Nxb6 Qxb6 16. Be3 d5 17. exd6 Qxd6 18. Qa4+ Qd7 19. Qxd7+ Nxd7 20. Kd2 Bg7 21. Be4 0-0-0 22. Kc2 Nf6 23. Bc6 Kc7 24. Ba4 Rd5 25. Rhd1 Rhd8 26. Rxd5 Rxd5 27. Ng5 Bd3+ 28. Kb3 Bf5 29. Kc4 h6 30. Nf3 Bd3+ 31. Kb3 Ba6 32. Bg1 Rd3+ 33. Kc2 Nd5 34. Bxc5 Nxf4 35. Ne1 Rd5 36. Bxb4 Re5 37. Rd1 Re2+ 38. Rd2 Nd5 39. Ba5+ Kd6 40. b4 Rxd2+ 41. Kxd2 Bc3+ 42. Kc2 Bxe1 43. a3 Ne3+ 44. Kb3 Bc4+ 45. Kb2 Nxg2 46. Bb6 Nf4 47. Bc2 g5 48. Bc5+ Kc6 49. Be4+ Kb5 50. Bf8 Bf2 51. Kc3 Bd5 52. Bc2 h5 53. Bh6 Be1+ 54. Kd4 Bh4 55. Bf8 g4 56. Ke5 Bg5 57. a4+ Kb6 58. Bc5+ Kb7 59. b5 h4 60. Bf2 Ne2 61. a5 g3 62. a6+ Ka8 63. hxg3 h3 0-1

[Event "Udine Province-ch"]
[Site "Udine"]
[Date "2006.12.02"]
[Round "1"]
[White "Viola, Enrico"]
[Black "Prenassi, Davide"]
[Result "0-1"]
[WhiteElo "1431"]
[BlackElo "1614"]
[PlyCount "48"]
[EventDate "2006.12.02"]
[EventType "swiss"]
[EventRounds "6"]
[EventCountry "ITA"]
[SourceTitle "EXT 2011"]
[Source "ChessBase"]
[SourceDate "2010.11.26"]
[SourceVersion "1"]
[SourceVersionDate "2010.11.26"]
[SourceQuality "1"]

1. d4 d5 2. c4 dxc4 3. e3 e5 4. Bxc4 exd4 5. exd4 Nf6 6. Nf3 Be7 7. 0-0 0-0 8. Nc3 c6 9. Re1 Bg4 10. Be3 Bb4 11. Bd3 Nbd7 12. Bg5 Qa5 13. Bd2 Nb6 14. Re5 Nbd5 15. h3 Bh5 16. Nxd5 cxd5 17. Bg5 Nd7 18. Re3 f6 19. Bf4 Rfe8 20. Qe2 Rxe3 21. Qxe3 Re8 22. Qc1 Bxf3 23. gxf3 Re1+ 24. Qxe1 Bxe1 0-1